000 00508nam a2200169 i 4500
001 75130
003 ES-MaACL
005 20230906172338.0
007 t|
008 040922s1966 sp ||||1| spa d
100 1 _aGoodman, Edward.
_959106
245 1 3 _aEl F.B.I.
_b: historia novelesca y heróica de la policía más famosa del mundo /
_cEdward Goodman.
250 _a[1ª ed.].
260 _a[Madrid] :
_bRollán,
_c[1966]
300 _a528 p. :
_bil. ;
_c19 cm.
852 _aES-MaACL
_jC-34138
_bR.65135
999 _c75130
_d75130